African countries, but without vocals! (Part 2) - Statistics

General Stats
  • This quiz has been taken 35 times
  • The average score is 22 of 32
Answer Stats
Hint Answer % Correct
Sdn Sudan
100%
Brkn Fs Burkina Faso
97%
Ngr Nigeria
97%
Gnn-Bss Guinea-Bissau
91%
Sngl Senegal
88%
Sychlls Seychelles
88%
Sth Sdn South Sudan
88%
Ghn Ghana
85%
Srr Ln Sierra Leone
85%
Mzmbq Mozambique
82%
Tnz Tanzania
82%
Lby Libya
76%
Ngr Niger
76%
Sml Somalia
76%
Brnd Burundi
73%
S Tm nd Prncp São Tomé and Príncipe
73%
Gmb Gambia
70%
Ml Mali
70%
Mrcc Morocco
70%
Sth fr South Africa
70%
Zmb Zambia
70%
Zmbbw Zimbabwe
70%
Dmcrt Rcblc f th Cng Democratic Republic of the Congo
67%
Rpblc f th Cng Republic of the Congo
64%
Cntrl frcn Rcblc Central African Republic
61%
Djbt Djibouti
55%
thp Ethiopia
48%
Gnd Uganda
42%
Lgr Algeria
39%
Rtr Eritrea
33%
Mrtn Mauritania
33%
Cp Vrd (Cb Vrd) Cape Verde (Cabo Verde)
9%
No matching quizzes found
Score Distribution
Percent of People with Each Score
Percentile by Number Answered
Your Score History
You have not taken this quiz